| 000 | 00701nam a22002297a 4500 | ||
|---|---|---|---|
| 003 | OSt | ||
| 005 | 20140310182018.0 | ||
| 008 | 130731t xxu||||| |||| 00| 0 eng d | ||
| 020 | _a0764151037 | ||
| 050 |
_aCB 361 _b.R393 1999 |
||
| 082 |
_aTR 709.024 _bR29 1999 |
||
| 100 |
_aParramon's Editorial Team _96780 |
||
| 245 |
_aThe renaissance / _cParramon's editorial team |
||
| 260 |
_aBarcelona, Spain : _bParramon's ediciones, _cc1999. |
||
| 300 |
_a95 p. _bcol. : illus. ; _c23 cm. |
||
| 521 | _aTeachers | ||
| 541 | _j1 | ||
| 562 | _e1 | ||
| 600 |
_aParramon's Editorial Team _96781 |
||
| 650 |
_aArt, Renaissance _xPictorial works _xHandbooks, manuals. _96782 |
||
| 942 |
_2lcc _cBK-TR _kTR |
||
| 999 |
_c8283 _d8283 |
||